000 00889cam a2200253 i 4500
003 IT-RoINE
005 20220628062525.0
008 010302s2000 sp | r ||1 ||spa d
020 _a8479144971
040 _aSpMaBN
_cSpMaBN IT-RoINE
_dIT-RoINE
100 1 _aEsquerda Bifet, Juan,
_d1929-
_92421
245 1 0 _aIntroducción a la doctrina de San Juan de Ávila /
_cJuan Esquerda Bifet.
260 _aMadrid :
_bBiblioteca de Autores Cristianos,
_c2000.
300 _aXVIII, 569 p. ;
_c20 cm.
336 _2rdacontent
_atext
337 _2rdamedia
_aunmediated
338 _2rdacarrier
_avolume
490 1 _aBiblioteca de autores cristianos ;
_v608
500 _aIncluye índices.
504 _aBibliografía: p. [533]-559.
600 0 4 _aJuan de Ávila,
_cSanto,
_d1500-1569
_92420
_xCrítica e interpretación
830 0 _9843
_aBiblioteca de Autores Cristianos ;
_v608
942 _cMTS
999 _c21840
_d21840